000 00605nam a2200253Ia 4500
005 20260121160315.0
008 008 260114s9999 xx 000 0 eng d
020 _a9781315673219
037 _aEBOOK
040 _aCRL
040 _beng
040 _cCRL
041 _2eng
041 _aeng
084 _qCRL
100 _a Julie Olberding
_91030280
245 0 _aSocial Enterprise and Special Events
260 _bTaylor and Francis
260 _c2017
856 _uhttp://www.taylorfrancis.com/books/9781315673219
942 _cEBOOK
999 _c1597096
_d1597096